Statistieken voor Boeddhistische Landen

Klik hier om de quiz te nemen!

Algemene statistieken

  • Deze quiz is 655 keer genomen
  • De gemiddelde score is 11 van 14

Antwoordstatistieken

%land% Correct
18,2China
97%
93,2Thailand
93%
16,4Vietnam
90%
36,2Japan
88%
66,0Laos
87%
80,1Myanmar
84%
96,9Cambodja
80%
22,9Zuid-Korea
76%
21,3Taiwan
75%
74,7Bhutan
74%
69,3Sri Lanka
72%
55,1Mongolië
72%
17,7Maleisië
71%
33,9Singapore
69%

Scoreverdeling

Percentiel versus Aantal Correcte Antwoorden

Procent van Mensen met Elke Score

Uw Scoregeschiedenis

U heeft deze quiz nog niet genomen